000 00838cam a2200241 4500
001 ABS61598
008 000000n1999 000 0 eng u
035 _a(Sirsi) u102883
100 _aWatson, S.
245 _aOpportunity knocks for all
260 _c1999
490 _aHouse Builder
_v58(11) November 1999, 13-16(3)
520 _aLooks at the issue of equal opportunities in the construction industry, and discusses how the industry can increase the representation of women and ethnic minorities in construction professions.
590 _aABS
650 _aEQUAL OPPORTUNITIES
650 _aCONSTRUCTION INDUSTRY
650 _aWOMEN
650 _aETHNIC MINORITIES
650 _aAGEISM
650 _aCONSTRUCTION INDUSTRY TRAINING BOARD
690 _aMANAGEMENT-BUSINESS MANAGEMENT-PROFESSIONAL PRACTICE
942 _n0
999 _c61837
_d61837